Normal view
MARC view
Entry Personal Name
001 - CONTROL NUMBER
- control field: 11392
003 - CONTROL NUMBER IDENTIFIER
- control field: PK-LaUMT
005 - DATE AND TIME OF LATEST TRANSACTION
- control field: 20260428163622.0
008 - FIXED-LENGTH DATA ELEMENTS
- fixed length control field: 260428|| aca||aabn | a|a d
040 ## - CATALOGING SOURCE
- Original cataloging agency: PK-LaUMT
- Transcribing agency: PK-LaUMT
100 ## - HEADING--PERSONAL NAME
- Personal name: Majumdar, S. K
670 ## - SOURCE DATA FOUND
- Source citation: Work cat.: (PK-LaUMT)140660: Majumdar, S. K., Jinnah and Gandhi :, 2025
